000 00730nam a2200289Ia 4500
005 20260324124742.0
008 008 260324s9999 xx 000 0 eng d
020 _a9781315600437
037 _aEBOOK
040 _aCRL
040 _beng
040 _cCRL
041 _2eng
041 _aeng
084 _qCRL
100 _aRichard J. Hill
_91175359
245 0 _aPicturing Scotland through the Waverley Novels
245 0 _bWalter Scott and the Origins of the Victorian Illustrated Novel
260 _bTaylor and Francis
260 _c2010
365 _a
365 _b240
856 _uhttp://www.taylorfrancis.com/books/9781315600437
942 _cEBOOK
999 _c1770030
_d1770030